000 02318nam0a2200373 4500
001 RU\NLR\bibl\1330897
005 20260407142048.0
010 _a978-5-16-002273-4
_95000
021 _aRU
_b2008-102789
_96047
035 _a(NLR Aleph) 001316130
090 _a710284
_c710284
100 _a20090218d2009 |||y0rusy50 ca
101 0 _arus
102 _aRU
105 _aa |||||||||
200 1 _aУправление персоналом организации
_eучебник
_eдля студентов высших учебных заведений, обучающихся по специальностям "Менеджмент организации", "Управление персоналом", "Экономика труда"
_f[д.э.н., проф. А.Я. Кибанов, к.э.н., проф. И.А. Баткаева, д.ист.н., проф. И.Е. Ворожейкин и др.]
_gпод ред. д.э.н., проф. А.Я. Кибанова
_gГос. ун-т управления
205 _aИзд. 3-е, доп. и перераб.
210 _aМосква
_cИНФРА-М
_d2009
215 _a636, [1] c.
_cил.
_d22
225 1 _aВысшее образование
300 _aАвт. указаны на обороте тит. л.
300 _aПосвящ. 15-летию основания в 1990 году первой в стране кафедры управления персоналом Гос. ун-та управления
320 _aБиблиогр. в конце кн. (190 назв.)
606 1 _aПредприятия
_jУчебники для высших учебных заведений
_xКадры
_xУправление
_92160941
_3RU\NLR\auth\661300497
686 _aУ24(2)0-21я73
701 1 _4070
_7ca
_8rus
_aКибанов
_bА. Я.
_f1939-2015
_gАрдальон Яковлевич
_931554
_3RU\NLR\auth\7748619
701 1 _aБаткаева
_bИ. А.
_gИрина Александровна
_4070
701 1 _aВорожейкин
_bИ. Е.
_gИван Егорович
_4070
712 0 2 _4570
_aГосударственный университет управления
_cМосква
_9520215
_3RU\NLR\AUTH\8810011254
801 0 _aRU
_bNLR
_c20090218
_gRCR
801 1 _aRU
_bNLR
_c20090218
942 _cBOOK
980 _aNB